[Event "Muensterland Verbandsliga 1718"]
[Site "Germany"]
[Date "2018.05.05"]
[Round "9.3"]
[White "Wild, Helmut"]
[Black "Schudro, Vasily"]
[Result "0-1"]
[WhiteElo "1837"]
[BlackElo "2017"]
[PlyCount "92"]
[EventDate "2017.09.09"]
[EventType "team-tourn"]
[EventRounds "9"]
[EventCountry "GER"]
[SourceTitle "EXT 2019"]
[Source "ChessBase"]
[SourceDate "2018.10.10"]
[SourceVersion "1"]
[SourceVersionDate "2018.10.10"]
[SourceQuality "1"]
[WhiteTeam "Steinfurt"]
[BlackTeam "Metelen"]
[WhiteTeamCountry "GER"]
[BlackTeamCountry "GER"]

1. c4 g6 2. Nc3 Bg7 3. e4 c5 4. Nf3 Nc6 5. d3 d6 6. Be3 Bg4 7. Be2 Bxf3 8. Bxf3 e6 9. g3 Nge7 10. 0-0 0-0 11. Qd2 Nd4 12. Bg2 Nec6 13. Bh6 Rb8 14. Nb5 a6 15. Nxd4 Nxd4 16. h4 Qf6 17. Bg5 Nf3+ 18. Bxf3 Qxf3 19. Be7 Rfe8 20. Bxd6 Rbc8 21. e5 f6 22. d4 cxd4 23. Qxd4 fxe5 24. Bxe5 Bxe5 25. Qxe5 Rxc4 26. Rac1 Qc6 27. Rxc4 Qxc4 28. Rd1 Qc8 29. Rd6 Re7 30. Qd4 Qf8 31. Rd8 Re8 32. Rd7 Re7 33. Kg2 Rxd7 34. Qxd7 Qf7 35. Qxf7+ Kxf7 36. g4 Kf6 37. Kf3 Ke5 38. Ke3 h6 39. f4+ Kd5 40. Kf3 b5 41. b4 Kd4 42. h5 gxh5 43. g5 hxg5 44. fxg5 Ke5 45. Kg3 Kf5 46. Kh4 Kg6 0-1

[Event "Muensterland Verbandsliga 1718"]
[Site "Germany"]
[Date "2017.12.09"]
[Round "4.3"]
[White "Schudro, Vasily"]
[Black "Delere, Adrian"]
[Result "1-0"]
[WhiteElo "2017"]
[BlackElo "1832"]
[PlyCount "58"]
[EventDate "2017.09.09"]
[EventType "team-tourn"]
[EventRounds "9"]
[EventCountry "GER"]
[SourceTitle "EXT 2019"]
[Source "ChessBase"]
[SourceDate "2018.10.10"]
[SourceVersion "1"]
[SourceVersionDate "2018.10.10"]
[SourceQuality "1"]
[WhiteTeam "Metelen"]
[BlackTeam "Emsdetten Rochade II"]
[WhiteTeamCountry "GER"]
[BlackTeamCountry "GER"]

1. e4 e5 2. Nf3 Nc6 3. Nc3 Nf6 4. Bb5 Nd4 5. a4 c6 6. Be2 Nxf3+ 7. Bxf3 Bc5 8. d3 d5 9. 0-0 d4 10. Ne2 Ng4 11. h3 h5 12. Ng3 Qh4 13. Nf5 Bxf5 14. exf5 Nh6 15. Be4 Bb4 16. Qf3 Kd7 17. c3 dxc3 18. d4 exd4 19. Rd1 Bc5 20. bxc3 Rae8 21. Bf4 Qf6 22. cxd4 Bxd4 23. Be3 c5 24. Rab1 b6 25. Bxd4 cxd4 26. Rb4 Re7 27. Rbxd4+ Kc7 28. Qc3+ Kb8 29. Rd8+ Rxd8 1-0

[Event "Muensterland Verbandsklasse 1617"]
[Site "Germany"]
[Date "2017.05.20"]
[Round "9.1"]
[White "Fuisting, Dominik"]
[Black "Schudro, Vasily"]
[Result "0-1"]
[WhiteElo "1719"]
[BlackElo "2075"]
[PlyCount "100"]
[EventDate "2016.09.24"]
[EventType "team"]
[EventRounds "9"]
[EventCountry "GER"]
[SourceTitle "EXT 2018"]
[Source "ChessBase"]
[SourceDate "2017.10.13"]
[SourceVersion "1"]
[SourceVersionDate "2017.10.13"]
[SourceQuality "1"]
[WhiteTeam "Beelen II"]
[BlackTeam "Metelen"]
[WhiteTeamCountry "GER"]
[BlackTeamCountry "GER"]

1. d4 Nf6 2. c3 d5 3. Bf4 Bf5 4. e3 e6 5. Bd3 Bg6 6. Nf3 Bd6 7. Bxd6 cxd6 8. Qc2 Nc6 9. Nbd2 Rc8 10. Rc1 0-0 11. Bxg6 hxg6 12. 0-0 b5 13. Qd3 Qb6 14. Nb3 Ne4 15. Nfd2 f5 16. Qe2 a5 17. Nxe4 dxe4 18. c4 a4 19. Nd2 Nb4 20. cxb5 d5 21. b3 Nxa2 22. Rxc8 Rxc8 23. bxa4 Nc3 24. Qe1 Nxa4 25. Qa1 Nc3 26. Qa6 Rb8 27. Nb3 Qxa6 28. bxa6 Rxb3 29. Ra1 Nb5 30. h3 Na7 31. Kh2 Rb6 32. Kg3 Kf7 33. Ra2 Kf6 34. h4 Rd6 35. Kf4 Rd8 36. g4 fxg4 37. Kxg4 Ra8 38. h5 gxh5+ 39. Kxh5 Nc6 40. Kg4 Nb4 41. Rb2 Nxa6 42. f3 exf3 43. Rf2 Nb4 44. Rxf3+ Ke7 45. Rg3 Kd6 46. Kh5 Ra3 47. Rxg7 Rxe3 48. Ra7 Re4 49. Kg5 Nc6 50. Ra6 Rxd4 0-1

[Event "Muensterland Verbandsklasse 1617"]
[Site "Germany"]
[Date "2017.01.21"]
[Round "5.1"]
[White "Boelker, Franz"]
[Black "Schudro, Vasily"]
[Result "1-0"]
[WhiteElo "1804"]
[BlackElo "2075"]
[PlyCount "93"]
[EventDate "2016.09.24"]
[EventType "team"]
[EventRounds "9"]
[EventCountry "GER"]
[SourceTitle "EXT 2018"]
[Source "ChessBase"]
[SourceDate "2017.10.13"]
[SourceVersion "1"]
[SourceVersionDate "2017.10.13"]
[SourceQuality "1"]
[WhiteTeam "Raesfeld Erle II"]
[BlackTeam "Metelen"]
[WhiteTeamCountry "GER"]
[BlackTeamCountry "GER"]

1. d4 Nf6 2. c4 g6 3. Nc3 Bg7 4. e4 d6 5. f3 0-0 6. Be3 c6 7. Bd3 Qc7 8. Nge2 a5 9. Rc1 b6 10. 0-0 Bd7 11. Qd2 Rc8 12. Bh6 Qd8 13. Bxg7 Kxg7 14. e5 Ng8 15. g4 Na6 16. Qe3 Nc7 17. h3 c5 18. f4 cxd4 19. Nxd4 dxe5 20. fxe5 Ne6 21. Nd5 Nxd4 22. Qxd4 Be6 23. Be4 Rc5 24. Rcd1 Rac8 25. b3 b5 26. Qe3 bxc4 27. bxc4 a4 28. Nf4 Qc7 29. Bd5 Bxd5 30. cxd5 Qa5 31. Qf3 Nh6 32. e6 f6 33. d6 exd6 34. Nh5+ Rxh5 35. Qxf6+ Kg8 36. gxh5 Qa7+ 37. Qf2 Qxf2+ 38. Rxf2 Nf5 39. Rf4 Kg7 40. hxg6 hxg6 41. Rxa4 Rc3 42. e7 Re3 43. Ra7 Kf7 44. e8Q+ Kxe8 45. Rb1 Ne7 46. Kf2 Re5 47. Re1 1-0